00341nam a22001337a 4500003000400000008004100004020001800045082001200063100002000075245005300095250000800148260004300156300000800199OSt220607b ||||| |||| 00| 0 eng d a9788122479270 a170 NAT aNAAGARAZAN, R S aTextbook on Professional Ethics and Human Values a3rd aNew Age International Publishersc2023 a266